Indian Entrepreneurship (Record no. 176582)

MARC details
000 -LEADER
fixed length control field 00361nam a22001697a 4500
005 - DATE AND TIME OF LATEST TRANSACTION
control field 20260209093857.0
020 ## - INTERNATIONAL STANDARD BOOK NUMBER
ISBN 9789819974825
041 ## - LANGUAGE CODE
Language code of text/sound track or separate title English
082 ## - DEWEY DECIMAL CLASSIFICATION NUMBER
Classification number 338.04 R21 MIT
100 ## - MAIN ENTRY--AUTHOR NAME
Personal name Mitra Jay
245 ## - TITLE STATEMENT
Title Indian Entrepreneurship
250 ## - EDITION STATEMENT
Edition statement 01
260 ## - PUBLICATION, DISTRIBUTION, ETC. (IMPRINT)
Place of publication Singapore
Name of publisher Springer
Year of publication 2021
300 ## - PHYSICAL DESCRIPTION
Number of Pages 178
365 ## - TRADE PRICE
Price amount 1700.00
942 ## - ADDED ENTRY ELEMENTS (KOHA)
Koha item type Books
Holdings
Withdrawn status Lost status Home library Current library Shelving location Date acquired Cost, normal purchase price Full call number Accession Number Cost, replacement price Department Koha item type
    PSG-CAS LIBRARY PSG-CAS LIBRARY AW ROW 11 RACK 160 SELF 1 09/02/2026 1700.00 338.04 R21 MIT 152702 1700.00 Economics Books
    PSG-CAS LIBRARY PSG-CAS LIBRARY AW ROW 11 RACK 160 SELF 1 09/02/2026 1700.00 338.04 R21 MIT 153024 1700.00 Economics Books

Contact Us:

PSGCAS LIBRARY
Phone: 04224303300
Website: http://www.psgcas.ac.in/ | Email: psgcaslib@gmail.com


You are Visitor Number

web counter